Die Russophilen in Galizien ukrainische Konservative zwischen Österreich und Russland, 1848-1915

Bibliographic Details
Main Author: Wendland, Anna Veronika (Author)
Format: Book
Language:German
PhysicalDescription:644 s. 24 cm
Published: Wien Österreichische Akademie der Wissenschaften 2001
ISBN:3700129386
Series:Studien zur Geschichte der österreichisch-ungarischen Monarchie
Subjects:

MARC

LEADER 00000nam a2200000 a 4500
001 vtls001424802
003 SK-MaSNL
005 20260301013001.0
008 251113s2001 au r 0 ger
020 |a 3700129386  |c [2674,00] 
035 |a SNK000379684 
040 |a SNK  |b slo  |c SNK  |e AACR2 
044 |a au  |c AT 
080 |a 930.85(436:470)"1848/1915"  |2 1981 
080 |a 327(436:470)"1848/1915"  |2 1981 
100 1 |a Wendland, Anna Veronika  |4 aut  |9 298949 
245 1 4 |a Die Russophilen in Galizien  |b ukrainische Konservative zwischen Österreich und Russland, 1848-1915  |c Anna Veronika Wendland 
260 |a Wien  |b Österreichische Akademie der Wissenschaften  |c 2001 
300 |a 644 s.  |c 24 cm 
490 1 |a Studien zur Geschichte der österreichisch-ungarischen Monarchie  |v Bd. 27 
648 7 |a 1848-1915  |2 SNK  |9 298950 
650 0 7 |a kultúrne dejiny  |2 SNKPH  |9 4307 
651 7 |a Rakúsko  |x dejiny  |2 SNKPHgeo  |9 66145 
651 7 |a Rusko  |2 SNKPHgeo  |9 17250 
830 0 |a Studien zur Geschichte der österreichisch-ungarischen Monarchie  |9 298951 
919 |a 3-7001-2938-6 
999 |c 554875  |d 556805 
952 |t P60, <04>, [BOOK], {604}  |a SNK  |b SNK  |y VYP  |7 0  |p 17A0322915  |o snkIC 129781  |i snkV 1670/2001  |0 0  |1 0  |4 0  |d 2001-12-07  |l 0  |r 2005-01-02 00:00:00  |w 2026-02-23